| Tag |
First Indicator |
Second Indicator |
Subfields |
| LEADER |
00000cam a2200000 a 4500 |
| 001 |
in00000027022 |
| 005 |
20151007055846.0 |
| 008 |
871117s1988 nyu 00000 eng |
| 010 |
|
|
|a 87032934
|
| 020 |
|
|
|a 0684189712
|
| 020 |
|
|
|z 0025518208
|
| 035 |
|
|
|a (OCoLC)17200519
|
| 035 |
|
|
|9 AAB9467AM
|
| 040 |
|
|
|a DLC
|c DLC
|d TXA
|d UtOrBLW
|
| 041 |
1 |
|
|a eng
|h jpn
|
| 049 |
|
|
|a TXAM
|c [A11088505]
|
| 050 |
0 |
0 |
|a PL758.825.L6
|b I55 1988
|
| 082 |
0 |
|
|a 895.6/1/0080354
|2 19
|
| 245 |
0 |
4 |
|a The Ink dark moon :
|b love poems by Ono no Komachi & Izumi Shikibu /
|c translated by Jane Hirshfield with Mariko Aratani.
|
| 264 |
|
1 |
|a New York :
|b Scribner,
|c [1988]
|
| 264 |
|
4 |
|c ©1988
|
| 300 |
|
|
|a 116 pages ;
|c 22 cm.
|
| 336 |
|
|
|a text
|b txt
|2 rdacontent
|
| 337 |
|
|
|a unmediated
|b n
|2 rdamedia
|
| 338 |
|
|
|a volume
|b nc
|2 rdacarrier
|
| 500 |
|
|
|a Translation of selected Japanese poems by women of the ancient court of Japan.
|
| 650 |
|
0 |
|a Love poetry, Japanese
|x Women authors
|x Translations into English.
|
| 650 |
|
0 |
|a Love poetry, English
|x Translations from Japanese.
|
| 650 |
|
0 |
|a Waka
|x Women authors
|x Translations into English.
|
| 650 |
|
0 |
|a Waka, English
|x Translations from Japanese.
|
| 650 |
|
0 |
|a Japanese poetry
|y Heian period, 794-1185
|x Translations into English.
|
| 650 |
|
0 |
|a English poetry
|x Translations from Japanese.
|
| 700 |
1 |
|
|a Hirshfield, Jane,
|d 1953-
|
| 700 |
0 |
2 |
|a Ono,
|c Komachi,
|d active 9th century.
|t Poems.
|k Selections.
|l English.
|f 1988.
|
| 700 |
0 |
2 |
|a Izumi Shikibu,
|d 974?-
|t Poems.
|k Selections.
|l English.
|f 1988.
|
| 999 |
|
|
|a MARS
|
| 999 |
f |
f |
|s 7ab403d7-d801-3e52-b287-dc5b4088e758
|i 97902652-a910-3791-9271-f9f002f411c5
|t 0
|
| 952 |
f |
f |
|p ric
|a Texas A&M University
|b Rellis Campus
|c Joint Library Facility
|s JLF
|d Remote Storage
|t 0
|e PL758.825.L6 I55 1988
|h Library of Congress classification
|i unmediated -- volume
|m A14811088505
|
| 998 |
f |
f |
|a PL758.825.L6 I55 1988
|t 0
|l Remote Storage
|